000
00244nam a22000857a 4500
008
161202b xxu||||| |||| 00| 0 eng d
100
_9
1763
_a
Aakash Institute
245
_a
Biology Objective Type Question
260
_a
New Delhi
_b
Aakash Institute
_c
2005
999
_c
4471
_d
4471